Name Dropping #41: Best Actor Oscars (1981-1990) - Statistics

General Stats
  • This quiz has been taken 45 times
  • The average score is 18 of 20
Answer Stats
Hint Extra Hint Answer % Correct
Daniel BA, 1989, My Left Foot Day-Lewis
100%
Dustin BA, 1988, Rain Man Hoffman
100%
Ben BA, 1982, Gandhi Kingsley
100%
Jack BSA, 1983, Terms of Endearment Nicholson
100%
Denzel BSA, 1989, Glory Washington
100%
Sean BSA, 1987, The Untouchables Connery
97%
Michael BA, 1987, Wall Street Douglas
97%
Henry BA, 1981, On Golden Pond Fonda
97%
Jeremy BA, 1990, Reversal of Fortune Irons
97%
Kevin BSA, 1988, A Fish Called Wanda Kline
97%
Joe BSA, 1990, GoodFellas Pesci
97%
Robert BA, 1983, Tender Mercies Duvall
95%
Paul BA, 1986, The Color of Money Newman
95%
Michael BSA, 1986, Hannah and Her Sisters Caine
90%
Haing S. BSA, 1984, The Killing Fields Ngor
87%
William BA, 1985, Kiss of the Spider Woman Hurt
85%
F. Murray BA, 1984, Amadeus Abraham
82%
Don BSA, 1985, Cocoon Ameche
79%
Louis BSA, 1982, An Officer and a Gentleman Gossett Jr.
77%
John BSA, 1981, Arthur Gielgud
72%
No matching quizzes found
Score Distribution
Percent of People with Each Score
Percentile by Number Answered
Your Score History
You have not taken this quiz